| 000 | 00684nam a22002175a 4500 | ||
|---|---|---|---|
| 005 | 20161129112510.0 | ||
| 008 | 161129t2015222 nyua fr 00100 0 edg d | ||
| 020 | _a9781259253935 | ||
| 040 |
_aEG-ScBUE _beng _cEG-ScBUE _dEG-ScBUE |
||
| 082 | 0 | 4 |
_222 _a338.5 _bFRA |
| 100 | 1 |
_93237 _aFrank, Robert H. |
|
| 245 | 1 | 0 |
_aMicroeconomics and behavior / _cRobert H. Frank. |
| 250 | _a9th ed. | ||
| 260 |
_aNew York : _bMcGraw-Hill Education, _cc.2015. |
||
| 300 |
_axix, 631 p. : _bill. ; _c28 cm. |
||
| 500 | _aIndex : p. 619-631. | ||
| 650 | 7 |
_2BUEsh _95599 _aMicroeconomics. |
|
| 650 | 7 |
_2BUEsh _912283 _aConsumer behavior. |
|
| 653 |
_bBUSECO _cNovember2016 |
||
| 942 | _2ddc | ||
| 999 |
_c23386 _d23358 |
||